Глубинные разломы платформ и геосинклиналей

Bibliographische Detailangaben
1. Verfasser: Суворов А. И. Анатолий Иванович
Sprache:Russisch
Veröffentlicht: Москва, Недра, 1973
Schlagworte:
Format: Buch
KOHA link:https://koha.lib.tpu.ru/cgi-bin/koha/opac-detail.pl?biblionumber=184690

MARC

LEADER 00000nam0a2200000 4500
001 184690
005 20231031172455.0
035 |a (RuTPU)RU\TPU\book\200296 
090 |a 184690 
100 |a 20100917d1973 km y0rusy50 ca 
101 0 |a rus 
102 |a RU 
105 |a a z 001zy 
200 1 |a Глубинные разломы платформ и геосинклиналей  |f А. И. Суворов 
210 |a Москва  |c Недра  |d 1973 
215 |a 216 с.  |c ил., карта 
320 |a Библиогр.: с. 204-213. 
610 1 |a разломы глубинные 
610 1 |a платформы 
610 1 |a геосинклиналии 
610 1 |a молодые плиты 
610 1 |a складчатые области 
675 |a 551.243  |v 3 
700 1 |a Суворов  |b А. И.  |g Анатолий Иванович 
801 1 |a RU  |b 63413507  |c 20100917 
801 2 |a RU  |b 63413507  |c 20140609  |g RCR 
942 |c BK